| 000 | 00819cam a2200241 a 4500 | ||
|---|---|---|---|
| 001 | 000014629 | ||
| 005 | 20200929163858.0 | ||
| 008 | 890906s1993 pr b 000 0 spa c | ||
| 020 | _a0865814333 | ||
| 035 | _a(DLC) 89183213 | ||
| 040 |
_aDO-SdBNP _cTxU _dDLC |
||
| 082 |
_a306 _bH341L, 1993 |
||
| 100 | 1 |
_aHarvey, Edwin R. _933149 |
|
| 245 | 1 | 0 |
_aLegislación cultural : _blegislación cultural puertorriqueña, legislación cultural comparada / _cEdwin R. Harvey. |
| 250 | _a2a. ed. | ||
| 260 |
_aSan Juan, Puerto Rico : _bInstituto de Cultura Puertorriqueña, _c1993. |
||
| 300 |
_a578 p. ; _c22 cm. |
||
| 650 | 4 |
_aCultura _xLegislación _933150 |
|
| 651 | 4 |
_aPuerto Rico _xPolítica Cultural _933151 |
|
| 650 | 4 |
_aProtección del patrimonio cultural _933152 |
|
| 910 | _aCatalogación derivada | ||
| 049 | _aBNGR | ||
| 999 |
_c14213 _d14213 |
||